000
00310nam a22001337a 4500
008
180926b xxu||||| |||| 00| 0 eng d
020
_a
9780874348866
041
_a
eng
080
_a
541
100
_a
12
101
_a
KIM
245
_a
Fluids Electrolytes Made Incredibly Easy
_c
John.h
942
_2
udc
_c
BK
999
_c
48493
_d
48493